000 00817nam a2200241Ia 4500
003 GCL
005 20240530105341.0
008 140319s9999 xx 000 0 ara d
040 _aGCL /
_cGCL
082 0 4 _a301.243
_bع ع
100 1 _aعلى عبدالرازق جلبى
245 1 0 _aعلم الاجتماع الصناعى /
_cعلى عبدالرازق جلبى
260 _aالقاهرة :
_bدار المعرفة الجامعية ،
_c1995
300 _a472 ؛
_c24 سم
650 0 4 _aالاجتماع
650 0 4 _aادارة الافراد
650 0 4 _aالتغير الاجتماعى
650 0 4 _aعلم النفس الصناعى
650 0 4 _aالاجتماع الصناعى
650 0 4 _aالعلاقات الصناعية
650 0 4 _aالادارة الصناعية
942 _2ddc
_cBK
999 _c55190
_d55190